[Event "AUTO-ADV-1437"]
[Site "http://www.queenalice.com/game.php?id=635560"]
[Date "2009.8.13"]
[Round "1"]
[White "husicam"]
[Black "garca"]
[Result "1-0"]
[WhiteElo "1729"]
[BlackElo "1781"]

1. e4 e5 2. Nf3 d6 3. a4 a6 4. b4 Nf6 5. d3 Nc6 6. c3 Be7 7. a5 Na7 8. c4 b5 9.
c5 dxc5 10. Nxe5 cxb4 11. Qb3 Be6 12. Qd1 Qd4 13. Ra4 bxa4 14. Qxa4+ Nb5 15. Nc6
Qc3+ 16. Nxc3 1-0

[Event "AUTO-ADV-1437"]
[Site "http://www.queenalice.com/game.php?id=635575"]
[Date "2009.8.13"]
[Round "1"]
[White "coutovet"]
[Black "husicam"]
[Result "1-0"]
[WhiteElo "1707"]
[BlackElo "1808"]

1. e4 e5 2. Nf3 d6 3. h3 Nc6 4. d4 exd4 5. Nxd4 Nxd4 6. Qxd4 c5 7. Qd3 a6 8. Bf4
Qf6 9. Bc1 Be6 10. Be2 c4 11. Qc3 b5 12. Bf3 Qxc3+ 13. Nxc3 Nf6 14. O-O Be7 15.
e5 dxe5 16. Bxa8 O-O 17. Bb7 Bc8 18. Bxc8 Rxc8 19. Re1 Bd6 20. Bg5 Bb4 21. Bxf6
gxf6 22. Re3 Bc5 23. Rf3 b4 24. Nd5 Rc6 25. Nxf6+ Kg7 26. Nd7 Bd4 27. Rb1 Rd6
28. Nb8 e4 29. Rg3+ Kh6 30. a3 a5 31. axb4 axb4 32. b3 c3 33. Re1 f5 34. Re2 Be5
35. Rge3 Rd1+ 36. Re1 Rd2 37. R3e2 Bxb8 38. Rxd2 cxd2 39. Rd1 Bf4 40. g3 e3 41.
fxe3 Bxe3+ 42. Kf1 Kg5 43. Ke2 f4 44. gxf4+ Kxf4 45. Rf1+ Ke4 46. h4 h5 47. Kd1
Kd4 48. Rf5 Kc3 49. Rxh5 Bf2 50. Rh7 Bg3 51. h5 Be5 52. Rd7 Bd4 53. h6 Be5 54.
h7 Kb2 55. Rxd2 Bc3 56. Rd3 Bh8 57. Rd8 Bf6 58. Rc8 Bc3 59. Rxc3 bxc3 60. h8=Q
1-0

[Event "AUTO-ADV-1437"]
[Site "http://www.queenalice.com/game.php?id=635576"]
[Date "2009.8.13"]
[Round "1"]
[White "husicam"]
[Black "coutovet"]
[Result "1-0"]
[WhiteElo "1705"]
[BlackElo "1745"]

1. e4 e5 2. Nf3 d6 3. c3 a6 4. b4 b5 5. d4 exd4 6. Nxd4 Bb7 7. Bd3 Nf6 8. Qe2
Be7 9. Nf5 Bf8 10. e5 dxe5 11. Qxe5+ Kd7 12. Qd4+ Bd5 13. c4 bxc4 14. Bxc4 Bxb4+
15. Bd2 Re8+ 16. Ne3 Bxd2+ 17. Nxd2 Nc6 18. Qd3 Ke6 19. Qf5+ Ke7 20. Nxd5+ Kf8+
21. Ne3 Nd4 22. Qc5+ Kg8 23. O-O Rxe3 24. fxe3 Ne2+ 25. Bxe2 Qxd2 26. Bf3 Rc8
27. Rfd1 Qb2 28. Rdb1 Qd2 29. Rb3 Nd7 30. Qf5 Rd8 31. Rd3 Qb2 32. Rad1 g6 33.
Qh3 Qe5 34. Bg4 f5 35. Rd5 Qe6 36. Be2 h5 37. Bc4 Qc6 38. Rxd7+ 1-0

[Event "AUTO-ADV-1437"]
[Site "http://www.queenalice.com/game.php?id=635585"]
[Date "2009.8.13"]
[Round "1"]
[White "Parma"]
[Black "husicam"]
[Result "1-0"]
[WhiteElo "1941"]
[BlackElo "1719"]

1. d4 d5 2. c4 e6 3. e3 c6 4. Nf3 a5 5. a4 Bd7 6. Be2 Bb4+ 7. Bd2 Qe7 8. c5
Bxd2+ 9. Qxd2 Nf6 10. O-O Ne4 11. Qe1 O-O 12. b4 axb4 13. Qxb4 Bc8 14. Nbd2 Nxd2
15. Nxd2 f5 16. Nf3 Nd7 17. a5 f4 18. exf4 Nf6 19. g3 Ne4 20. Bd3 Rf5 21. Bxe4
dxe4 22. Nd2 Rd5 23. Nxe4 e5 24. fxe5 Bf5 25. Nd6 Bd3 26. Rfe1 Rf8 27. f4 h5 28.
Qxb7 Qd8 29. Qxc6 Bc4 30. Red1 h4 31. Nxc4 hxg3 32. hxg3 Kh8 33. Nd6 g5 34. f5
g4 35. Qxd5 Rxf5 36. Nf7+ Kg7 37. Nxd8 1-0

[Event "AUTO-ADV-1437"]
[Site "http://www.queenalice.com/game.php?id=635586"]
[Date "2009.8.13"]
[Round "1"]
[White "husicam"]
[Black "Parma"]
[Result "0-1"]
[WhiteElo "1727"]
[BlackElo "1916"]

1. e4 c5 2. c3 e6 3. Nf3 Nf6 4. d3 Be7 5. e5 Nd5 6. Bd2 O-O 7. a3 Nc6 8. d4 a6
9. Bd3 cxd4 10. cxd4 g6 11. Be4 Nc7 12. b4 d5 13. Bc2 Nb5 14. Ba4 Nbxd4 15. Bxc6
Nxc6 16. O-O b5 17. Bh6 Re8 18. Nd4 Nxe5 19. Re1 Nc4 20. Nc6 Qd7 21. Nxe7+ Qxe7
22. Ra2 Bb7 23. Qd4 e5 24. Qg4 f5 25. Qh3 Qf7 26. Rae2 e4 27. f3 d4 28. fxe4
fxe4 29. Rf1 Qe6 30. g4 Bc8 31. Rf4 Bb7 32. Ref2 e3 33. Re2 Qd5 34. g5 Qh1# 0-1

[Event "AUTO-ADV-1460"]
[Site "http://www.queenalice.com/game.php?id=646101"]
[Date "2009.9.2"]
[Round "1"]
[White "pacou93"]
[Black "husicam"]
[Result "1-0"]
[WhiteElo "1757"]
[BlackElo "1801"]

1. e4 d5 2. exd5 Qxd5 3. Nc3 Qd8 4. d4 Bf5 5. Nf3 e6 6. Bf4 Bd6 7. Bxd6 Qxd6 8.
Nb5 Qb4+ 9. c3 Qe7 10. Qe2 Nf6 11. Qc4 c6 12. Na3 b5 13. Qe2 Bg4 14. h3 Bxf3 15.
Qxf3 O-O 16. Be2 e5 17. dxe5 Qxe5 18. O-O Ne4 19. Rad1 Na6 20. Rfe1 Nac5 21. Nc2
Na4 22. Rd4 f5 23. Bd3 Nac5 24. Nb4 Nxd3 25. Nxd3 Qf6 26. Nf4 Ng5 27. Qd3 Rae8
28. Rxe8 Rxe8 29. Kf1 Qe5 30. Qd2 Ne6 31. Nxe6 Qxe6 32. Rd3 c5 33. Qe3 c4 34.
Qxe6+ Rxe6 35. Rd5 a6 36. Rxf5 Rd6 37. Ke2 g6 38. Re5 Kf7 39. f4 Kf6 40. g4 Rd3
41. g5+ Kg7 42. Re7+ Kh8 43. Re3 Rd6 44. h4 Rd8 45. Re5 Rf8 46. Ke3 Kg7 47. Ke4
h5 48. gxh6+ Kxh6 49. f5 gxf5+ 50. Rxf5 Re8+ 51. Re5 Rxe5+ 52. Kxe5 Kh5 53. b3
cxb3 54. axb3 Kxh4 55. Kd5 Kg4 56. Kc5 Kf4 57. c4 bxc4 58. bxc4 Ke5 59. Kb6 Kd6
60. c5+ Kd7 61. c6+ Kc8 62. Kxa6 Kc7 63. Kb5 Kb8 64. Kc5 Kc7 65. Kd5 Kc8 66. Kd6
Kd8 67. Kc5 Kc7 68. Kb5 Kb8 69. Kb6 1-0

[Event "AUTO-ADV-1460"]
[Site "http://www.queenalice.com/game.php?id=646102"]
[Date "2009.9.2"]
[Round "1"]
[White "husicam"]
[Black "pacou93"]
[Result "0-1"]
[WhiteElo "1805"]
[BlackElo "1759"]

1. e4 e5 2. Nf3 Nf6 3. d3 Nc6 4. Bg5 Be7 5. Qd2 d5 6. exd5 Nxd5 7. Nc3 Bxg5 8.
Nxg5 f6 9. Nxd5 Qxd5 10. Nf3 O-O 11. c4 Qa5 12. Qxa5 Nxa5 13. b3 Bf5 14. Nh4 Bg4
15. f3 Bd7 16. g4 Rae8 17. Bg2 b6 18. O-O g5 19. Nf5 Bxf5 20. gxf5 h5 21. h3 Rd8
22. Rad1 c5 23. Rd2 Nc6 24. a3 Nd4 25. f4 exf4 26. Bd5+ Kg7 27. Rb2 Nxf5 28. Kf2
Nd4 29. b4 cxb4 30. axb4 Rfe8 31. Ra1 Rd7 32. b5 Rde7 33. Bf3 Nxf3 34. Kxf3 Re3+
35. Kg2 Re2+ 36. Rxe2 Rxe2+ 37. Kf3 Re3+ 38. Kg2 Rxd3 39. Rxa7+ Kg6 40. Rc7 Rc3
41. Rc6 Kg7 42. Rxb6 Rxc4 43. Rc6 Rb4 44. b6 Kg6 45. Kf3 Rb3+ 46. Kg2 h4 47. Rd6
g4 48. hxg4 Kg5 49. Kf2 h3 50. Kg1 Rb2 51. Kh1 f3 52. Re6 f2 53. Kh2 f1=Q+ 0-1

[Event "AUTO-ADV-1460"]
[Site "http://www.queenalice.com/game.php?id=646113"]
[Date "2009.9.2"]
[Round "1"]
[White "paloberto"]
[Black "husicam"]
[Result "1-0"]
[WhiteElo "1800"]
[BlackElo "1783"]

1. c4 e5 2. Nc3 Bb4 3. Qc2 Qf6 4. e3 d6 5. Nf3 Bf5 6. Qa4+ Nc6 7. a3 Bc5 8. Nd5
Qg6 9. Nxc7+ Ke7 10. Nxa8 Bc2 11. Qb5 Nd8 12. b4 a6 13. Qa5 Bxe3 14. dxe3 Ne6
15. g3 Nf6 16. Nc7 Be4 17. Bg2 Bd3 18. Nh4 Qh5 19. f3 g5 20. Nf5+ Bxf5 21. Nd5+
Nxd5 22. cxd5 Nd8 23. Qc7+ Bd7 24. O-O f5 25. Bb2 Rf8 26. Rac1 Qf7 27. e4 f4 28.
g4 h5 29. h3 Kf6 30. Qxd6+ Kg7 31. Qxe5+ Qf6 32. Qxg5+ Kh7 33. Bxf6 Rg8 34.
Qxh5# 1-0

[Event "AUTO-ADV-1460"]
[Site "http://www.queenalice.com/game.php?id=646114"]
[Date "2009.9.2"]
[Round "1"]
[White "husicam"]
[Black "paloberto"]
[Result "1-0"]
[WhiteElo "1788"]
[BlackElo "1821"]

1. e4 c5 2. Nf3 Nc6 3. Bb5 Nf6 4. e5 Nd5 5. Bc4 Nb6 6. Qe2 e6 7. O-O Be7 8. Nc3
O-O 9. Bb5 Qc7 10. Bd3 d6 11. Ne4 d5 12. Neg5 Bxg5 13. Nxg5 h6 14. Nh7 Re8 15.
Qg4 Kh8 16. Qf3 Nxe5 17. Qg3 c4 18. Be2 Kxh7 19. b3 f6 20. d4 Re7 21. dxe5 f5
22. Bh5 g5 23. f4 g4 24. Qh4 Qc5+ 25. Rf2 Nd7 26. a4 a5 27. Ba3 Qd4 28. Qxe7+
Kg8 29. Qf7+ Kh8 30. Bg6 1-0

[Event "AUTO-ADV-1460"]
[Site "http://www.queenalice.com/game.php?id=646119"]
[Date "2009.9.2"]
[Round "1"]
[White "SGF"]
[Black "husicam"]
[Result "0-1"]
[WhiteElo "1714"]
[BlackElo "1776"]

1. e4 e5 2. Qf3 Nf6 3. d3 a5 4. Be2 d5 5. Bg5 dxe4 6. dxe4 Be7 7. Bxf6 Bxf6 8.
Nh3 Bxh3 9. Qxh3 Nd7 10. O-O Qe7 11. Nc3 c6 12. Rad1 O-O-O 13. Bg4 g6 14. Bxd7+
Kb8 15. Na4 Qb4 16. b3 Qxe4 17. c4 Be7 18. Nb6 f5 19. Bxf5 Qxf5 20. Rxd8+ Rxd8
21. Qxh7 Bc5 22. Nd5 cxd5 23. cxd5 e4 24. Qh4 Qxd5 25. Qg3+ Qd6 26. Qxd6+ Rxd6
27. Re1 Re6 28. Kf1 e3 29. fxe3 Bxe3 30. g4 g5 31. a3 b5 32. a4 Rf6+ 33. Kg2
Rf2+ 34. Kg3 Bb6 35. axb5 Rb2 36. Re8+ Kb7 37. Re7+ Bc7+ 38. Kf3 Rxb3+ 39. Ke4
Rxb5 40. Rg7 a4 41. Kd4 Rb4+ 42. Kc3 Rxg4 43. h4 Kb6 44. hxg5 Be5+ 45. Kc2 Bxg7
46. g6 Rxg6 47. Kb1 a3 48. Ka2 Bf8 49. Ka1 Rg2 50. Kb1 a2+ 51. Ka1 Bg7# 0-1

[Event "AUTO-ADV-1460"]
[Site "http://www.queenalice.com/game.php?id=646120"]
[Date "2009.9.2"]
[Round "1"]
[White "husicam"]
[Black "SGF"]
[Result "1-0"]
[WhiteElo "1761"]
[BlackElo "1734"]

1. e4 e5 2. Nf3 Qf6 3. d3 h6 4. d4 d6 5. dxe5 dxe5 6. Nc3 c6 7. Bd2 Be7 8. h4
Bg4 9. Be2 Nd7 10. g3 Qg6 11. Nh2 Bxe2 12. Qxe2 Bxh4 13. gxh4 Qg2 14. O-O-O Ngf6
15. Rdg1 Qh3 16. Rxg7 Qxh4 17. Qc4 Rf8 18. f3 Qf2 19. Bxh6 b5 20. Qxc6 b4 21.
Qxa8+ Ke7 22. Nd5+ Nxd5 23. Qxd5 a6 24. Rd1 Qxh2 25. Qxd7+ Kf6 26. Rd6# 1-0

[Event "AUTO-OPEN-1731"]
[Site "http://www.queenalice.com/game.php?id=670404"]
[Date "2009.10.21"]
[Round "1"]
[White "tonycorreia"]
[Black "husicam"]
[Result "0-1"]
[WhiteElo "1642"]
[BlackElo "1773"]

1. e4 d5 2. e5 e6 3. d4 Nc6 4. a3 Qh4 5. Nf3 Qe4+ 6. Be2 Bd7 7. O-O O-O-O 8. Bd3
Qg4 9. h3 Qh5 10. Ng5 Qxd1 11. Rxd1 Nh6 12. c3 f6 13. exf6 gxf6 14. Nxh7 f5 15.
Nf6 Ng8 16. Nxd7 Rxd7 17. Bf4 Rh4 18. Bg3 Rh5 19. Nd2 Bh6 20. Nf3 Nf6 21. Bh4
Bg7 22. g4 fxg4 23. Bxf6 gxf3 24. Be5 Bxe5 25. dxe5 Nxe5 26. Bf1 Rg7+ 27. Kh1
Ng4 28. Rd2 Ne5 29. Rd4 Ng4 30. Re1 Nxf2+ 31. Kh2 Kd7 32. Re3 Ng4+ 33. Kh1 Nxe3
34. Rf4 Nxf1 35. Rxf3 Nd2 36. Rd3 Nc4 37. b4 Nxa3 38. Kh2 Nc4 39. Rd4 b6 40. h4
Kd6 41. Kh3 e5 42. Rd3 Rgh7 43. Kg3 Rxh4 44. Kg2 e4 45. Rg3 Rh2+ 46. Kf1 e3 47.
Ke1 e2 48. Rg1 Rf7 49. b5 Ne3 50. Kd2 Re7 51. Re1 Nc4+ 52. Kd3 Na3 53. Kd2 Nxb5
54. Kd3 Kc5 55. Kc2 d4 56. Kc1 d3 57. c4 Kxc4 58. Kd2 Nd4 59. Kc1 Kc3 0-1

[Event "AUTO-OPEN-1731"]
[Site "http://www.queenalice.com/game.php?id=670405"]
[Date "2009.10.21"]
[Round "1"]
[White "husicam"]
[Black "tonycorreia"]
[Result "1-0"]
[WhiteElo "1783"]
[BlackElo "1814"]

1. e4 e5 2. Nf3 Nc6 3. d4 d5 4. Nc3 dxe4 5. Nxe4 f6 6. Be2 Nxd4 7. Nxd4 exd4 8.
O-O c5 9. Re1 b6 10. Bf3 Rb8 11. Nxf6+ Kf7 12. Bg5 gxf6 13. Bh5+ Kg7 14. Bf4 Rb7
15. Qf3 Bd6 16. Qg3+ Kf8 17. Bxd6+ Ne7 18. Qf4 Kg7 19. Qg3+ Ng6 20. Re4 Kf7 21.
Rae1 Kg7 22. Bxg6 hxg6 23. h4 Bf5 24. R4e2 Rd7 25. Bf4 Qc8 26. Bd6 Qd8 27. Be7
Qg8 28. f3 Rh5 29. Qf2 Kh6 30. g4 Bxg4 31. fxg4 Rhd5 32. Qxf6 Kh7 33. Re6 Qg7
34. Qxg7+ Kxg7 35. g5 Rf5 36. Bf6+ Kf7 37. R6e2 Rf4 38. Rf2 Rxf2 39. Kxf2 a5 40.
Kg3 d3 41. cxd3 Rxd3+ 42. Kf4 Rd2 43. Rh1 c4 44. h5 gxh5 45. Rxh5 Rg2 46. Kf3
Rc2 47. Rh7+ Kg6 48. Rb7 c3 49. bxc3 Rxa2 50. Rxb6 a4 51. Ra6 Kf5 52. Ra5+ Kg6
53. Ke3 Ra3 54. Kd4 Kf7 55. Kc4 Ke6 56. Kb4 Ra2 57. Rxa4 Rb2+ 58. Kc5 Rb8 59.
Kd4 Rc8 60. Rc4 Ra8 61. Ke4 Ra6 62. Rc5 Ra4+ 63. Kd3 Ra3 64. Bd4 Kf7 65. Ke4 Kg6
66. Kf4 Ra8 67. Kg4 Ra6 68. Rf5 Ra4 69. Rf6+ Kh7 70. Kh5 Rc4 71. g6+ Kg8 72. Kh6
Rc8 73. g7 Ra8 74. c4 Rc8 75. c5 Rd8 76. Rd6 Rc8 77. c6 Kf7 78. Rf6+ Kg8 79. Bc5
Rxc6 80. Rxc6 1-0

[Event "AUTO-OPEN-1731"]
[Site "http://www.queenalice.com/game.php?id=670432"]
[Date "2009.10.21"]
[Round "1"]
[White "husicam"]
[Black "yugioh1"]
[Result "1-0"]
[WhiteElo "1793"]
[BlackElo "1757"]

1. e4 e5 2. Nf3 Nc6 3. d4 exd4 4. Bc4 Be7 5. h4 Nf6 6. e5 Ng4 7. Ng5 Bxg5 8.
Bxg5 f6 9. Qxg4 fxg5 10. hxg5 Nxe5 11. Qxd4 d6 12. Nc3 Qxg5 13. f4 Qg3+ 14. Qf2
Qxf2+ 15. Kxf2 Ng4+ 16. Kg3 Bd7 17. Nd5 h5 18. Rae1+ Kf8 19. Re7 Bf5 20. Rxc7
h4+ 21. Rxh4 Rxh4 22. Kxh4 b6 23. Nb4 a5 24. Rf7+ Ke8 25. Rxf5 axb4 26. Kxg4 Rc8
27. Bb5+ Kd8 28. Rf8+ Kc7 29. Rf7+ Kd8 30. Rxg7 Rxc2 31. Rg8+ Ke7 32. g3 Rc5 33.
Be8 Rc8 34. f5 Rxe8 35. Rxe8+ Kxe8 36. Kg5 Kf7 37. Kf4 Kf6 38. g4 d5 39. g5+ Kf7
40. Ke5 d4 41. Kxd4 Ke7 42. Ke5 Kf7 43. g6+ Kg7 44. Ke6 b5 45. b3 Kf8 46. f6 Ke8
47. g7 Kd8 48. f7 Kc8 49. g8=Q+ Kc7 50. f8=Q Kb6 51. Qxb4 Kb7 52. Qxb5+ Kc7 53.
Qf7+ Kd8 54. Qfd7# 1-0

[Event "AUTO-OPEN-1731"]
[Site "http://www.queenalice.com/game.php?id=670433"]
[Date "2009.10.21"]
[Round "1"]
[White "yugioh1"]
[Black "husicam"]
[Result "1/2-1/2"]
[WhiteElo "1707"]
[BlackElo "1797"]

1. e4 e5 2. Nf3 Nc6 3. Bc4 Nf6 4. Ng5 d5 5. exd5 Nxd5 6. Qf3 Qxg5 7. Bxd5 Qf6 8.
Bxc6+ Qxc6 9. Qxc6+ bxc6 10. Nc3 Bb4 11. O-O O-O 12. Re1 Re8 13. d4 e4 14. Rxe4
Bf5 15. Rxe8+ Rxe8 16. Bf4 Re7 17. Rc1 Bxc3 18. bxc3 f6 19. c4 g5 20. Be3 Re4
21. Rb1 Be6 22. Rb8+ Kg7 23. Kf1 Bxc4+ 24. Ke1 Bxa2 25. Rb7 Re7 26. Rxa7 Bd5 27.
g3 h5 28. c3 f5 29. Kd2 g4 30. Bg5 Rf7 31. Bf4 Rd7 32. Rxc7 Rxc7 33. Bxc7 Kg6
34. Ke3 Kg5 35. Bd8+ Kg6 36. Bh4 1/2-1/2

[Event "AUTO-OPEN-1731"]
[Site "http://www.queenalice.com/game.php?id=670434"]
[Date "2009.10.21"]
[Round "1"]
[White "husicam"]
[Black "SGF"]
[Result "1-0"]
[WhiteElo "1783"]
[BlackElo "1712"]

1. e4 e5 2. Nf3 Qf6 3. d3 h6 4. b3 Be7 5. Bb2 d6 6. Nc3 Qg6 7. Nd5 Na6 8. Nxe7
Kxe7 9. d4 Qxe4+ 10. Be2 Nb4 11. Rc1 Nxa2 12. Ra1 Nb4 13. O-O Nxc2 14. Ra4 exd4
15. Bxd4 Nxd4 16. Nxd4 Qg6 17. Re1 Bh3 18. Bh5+ Qe6 19. Nxe6 Bxe6 20. Qf3 Nf6
21. Bg4 Nxg4 22. Rxg4 f5 23. Rxg7+ Kf6 24. Qc3# 1-0

[Event "AUTO-OPEN-1731"]
[Site "http://www.queenalice.com/game.php?id=670435"]
[Date "2009.10.21"]
[Round "1"]
[White "SGF"]
[Black "husicam"]
[Result "0-1"]
[WhiteElo "1736"]
[BlackElo "1768"]

1. e4 c6 2. Qf3 e5 3. d3 d5 4. Be2 Nf6 5. Qg3 h5 6. Qxe5+ Be7 7. Bg5 Nbd7 8. Qc3
a5 9. exd5 Bb4 10. Bxf6 Bxc3+ 11. Bxc3 Qe7 12. Bxg7 Rh7 13. dxc6 Rxg7 14. cxd7+
Bxd7 15. Nf3 Rxg2 16. Nc3 Bc6 17. O-O-O O-O-O 18. h4 Rxf2 19. Rde1 Kb8 20. Ne4
Bxe4 21. dxe4 Qxe4 22. Ng5 Qe3+ 23. Kb1 Rxe2 24. Rxe2 Qxe2 25. a3 Rd1+ 26. Rxd1
Qxd1+ 27. Ka2 Qd5+ 28. b3 b5 29. Nh7 a4 30. Nf6 axb3+ 31. cxb3 Qg2+ 32. Kb1 Qg6+
33. Kc1 Qxf6 34. a4 bxa4 35. bxa4 Qxh4 36. a5 Qg5+ 37. Kd1 Qxa5 38. Ke2 f5 39.
Kf3 Qa4 40. Kg3 f4+ 41. Kh4 f3+ 42. Kg3 Qg4+ 43. Kf2 h4 44. Kf1 Qg2+ 45. Ke1 f2+
46. Ke2 f1=Q+ 47. Ke3 Qge2+ 48. Kd4 Qff2+ 49. Kd5 Qff3+ 50. Kd6 Qfd3+ 51. Kc6
Qec2+ 52. Kb6 Qdb3+ 53. Ka5 Qca2# 0-1

[Event "AUTO-ADV-1513"]
[Site "http://www.queenalice.com/game.php?id=670531"]
[Date "2009.10.21"]
[Round "1"]
[White "husicam"]
[Black "FPM"]
[Result "0-1"]
[WhiteElo "1784"]
[BlackElo "1790"]

1. e4 d6 2. d4 Nf6 3. Bc4 Bg4 4. f3 Bh5 5. g4 Bg6 6. Nc3 e6 7. Bg5 Be7 8. h4 h6
9. Bf4 Nbd7 10. e5 dxe5 11. dxe5 Nh7 12. Bg3 Nhf8 13. f4 Nb6 14. Bb5+ c6 15. Bd3
Nd5 16. Nxd5 Qxd5 17. Nf3 Bb4+ 18. c3 Bxd3 19. cxb4 Qe4+ 20. Kf2 O-O-O 21. Re1
Qxb4 22. Re3 Bf5 23. Qe2 Bxg4 24. Kg2 Nd7 25. Be1 Qxf4 26. Bg3 Qf5 27. Rb3 Nc5
28. Re3 Rd5 29. b4 Nd3 30. b5 Rhd8 31. bxc6 bxc6 32. a4 Kc7 33. a5 Nf4+ 34. Bxf4
Qxf4 35. Ra2 Bxf3+ 36. Rxf3 Qg4+ 37. Rg3 Qxe2+ 38. Rxe2 Rd2 39. Kf1 Rxe2 40.
Kxe2 g6 41. Rb3 Rd5 42. a6 Rxe5+ 43. Kf3 Rb5 44. Ra3 f5 45. Kf4 e5+ 46. Kg3 h5
47. Kf3 Rb4 48. Kg3 Kb6 0-1

[Event "AUTO-ADV-1513"]
[Site "http://www.queenalice.com/game.php?id=670532"]
[Date "2009.10.21"]
[Round "1"]
[White "FPM"]
[Black "husicam"]
[Result "1-0"]
[WhiteElo "1865"]
[BlackElo "1811"]

1. e4 d5 2. e5 d4 3. Bc4 e6 4. d3 c6 5. Qg4 Qa5+ 6. Nd2 Qxe5+ 7. Ne2 b5 8. Bb3
Nf6 9. Qh3 Nbd7 10. Nf3 Qc7 11. Nfxd4 Nc5 12. O-O Nxb3 13. axb3 e5 14. Nxb5 cxb5
15. Qg3 Nh5 16. Qh4 Nf6 17. c3 Be7 18. Bg5 h6 19. Be3 Ng4 20. Qg3 Nxe3 21. fxe3
O-O 22. Nd4 Bd6 23. Nxb5 Qb8 24. Nxd6 Qxd6 25. Rfd1 Qc5 26. b4 Qd6 27. Ra5 f6
28. d4 Rd8 29. d5 Bb7 30. e4 a6 31. Qf2 Rdc8 32. Rc5 a5 33. Rxa5 Rc4 34. Re1
Rxa5 35. bxa5 Qa6 36. Qb6 Qa8 37. Kf2 Kh7 38. Kf3 Ra4 39. b4 Ra3 40. Rc1 Qa6 41.
Qxa6 Bxa6 42. d6 Bc8 43. Ke3 Ra2 44. c4 Rxg2 45. c5 Rb2 46. c6 Rb3+ 47. Ke2 Ba6+
48. Kf2 Rxb4 49. c7 Rxe4 50. d7 Re2+ 51. Kg3 Re3+ 52. Kg4 Be2+ 53. Kf5 Rf3+ 54.
Ke6 Rb3 55. d8=Q Rb6+ 56. Ke7 Rb7 57. Kf8 Bh5 58. Rc6 e4 59. Re6 Bg6 60. Re7 Rb3
61. Rxg7+ Kh8 62. Rxg6 Kh7 63. Kf7 1-0

[Event "AUTO-ADV-1513"]
[Site "http://www.queenalice.com/game.php?id=670533"]
[Date "2009.10.21"]
[Round "1"]
[White "husicam"]
[Black "miguel7"]
[Result "1-0"]
[WhiteElo "1789"]
[BlackElo "1929"]

1. e4 c5 2. Bc4 Nc6 3. Qf3 Ne5 4. Qb3 Nf6 5. d3 Nxc4 6. Qxc4 e5 7. Bg5 h6 8.
Bxf6 Qxf6 9. Nc3 d6 10. Nd5 Qd8 11. Qb5+ Bd7 12. Qxb7 Qb8 13. Qxa8 Qxa8 14. Nc7+
Kd8 15. Nxa8 Bc6 16. f4 exf4 17. Nh3 g5 18. O-O-O Bxa8 19. Rhf1 Bg7 20. g3 g4
21. Nxf4 Kd7 22. Nh5 Bf8 23. Rxf7+ Be7 24. Nf4 Ke8 25. Rf5 Rf8 26. Ne6 Rxf5 27.
exf5 Bf6 28. Nc7+ Kd7 29. Nxa8 Kc6 30. Re1 Kb7 31. Re8 h5 32. Rf8 Bg5+ 33. Kb1
h4 34. gxh4 Bxh4 35. f6 d5 36. f7 Be7 37. Rg8 a5 38. Re8 Bd6 39. f8=Q Bxh2 40.
Qg7+ 1-0

[Event "AUTO-ADV-1513"]
[Site "http://www.queenalice.com/game.php?id=670534"]
[Date "2009.10.21"]
[Round "1"]
[White "miguel7"]
[Black "husicam"]
[Result "1-0"]
[WhiteElo "1918"]
[BlackElo "1800"]

1. e4 d5 2. exd5 Qxd5 3. Nc3 Qe5+ 4. Be2 Bg4 5. d4 Qe6 6. d5 Qe5 7. Nf3 Bxf3 8.
gxf3 Nf6 9. f4 Qd6 10. Nb5 Qd8 11. Bc4 c6 12. dxc6 Nxc6 13. Qxd8+ Rxd8 14. Nc7+
Kd7 15. Nb5 e6 16. Be3 Kc8 17. Nxa7+ Nxa7 18. Bxa7 Bd6 19. Be3 Rhe8 20. Bb6 Bc7
21. Ba7 b6 22. Ba6+ Kd7 23. Bb5+ Ke7 24. Bxe8 Nxe8 25. Rd1 Ra8 26. Bxb6 Bxb6 27.
a3 Nf6 28. O-O Ra4 29. Ra1 Rxf4 30. c3 Ne4 31. Rfc1 Nxf2 32. Kg2 Nd3 33. Rcb1 e5
34. b4 e4 35. Rf1 Nf2 36. h3 h5 37. a4 e3 38. a5 Bc7 39. a6 e2 40. Rxf2 Re4 41.
a7 e1=Q 42. Rxe1 Rxe1 43. a8=Q Re3 44. Qa3 h4 45. b5+ Bd6 46. Qa7+ 1-0

[Event "AUTO-ADV-1513"]
[Site "http://www.queenalice.com/game.php?id=670535"]
[Date "2009.10.21"]
[Round "1"]
[White "husicam"]
[Black "yanpom"]
[Result "0-1"]
[WhiteElo "1796"]
[BlackElo "1879"]

1. e4 e5 2. Nf3 Nc6 3. d4 exd4 4. Nxd4 Nxd4 5. Qxd4 Qf6 6. e5 Qe6 7. Bc4 Qb6 8.
Qf4 Qg6 9. O-O b6 10. Nc3 Bb7 11. Nd5 O-O-O 12. Bd3 Qc6 13. Be4 Qe6 14. c4 Ne7
15. Nxe7+ Bxe7 16. Bxb7+ Kxb7 17. b3 d6 18. Bb2 dxe5 19. Bxe5 Bd6 20. Rfe1 Bxe5
21. Rxe5 Qd6 22. Qf3+ Kb8 23. Rd5 Qe6 24. Rad1 Rxd5 25. cxd5 Qe7 26. Kf1 f6 27.
Qg3 Re8 28. f3 Qe2+ 0-1

[Event "AUTO-ADV-1513"]
[Site "http://www.queenalice.com/game.php?id=670536"]
[Date "2009.10.21"]
[Round "1"]
[White "yanpom"]
[Black "husicam"]
[Result "1-0"]
[WhiteElo "1927"]
[BlackElo "1783"]

1. e4 e5 2. Nf3 d6 3. d4 Nd7 4. dxe5 dxe5 5. Bc4 Be7 6. O-O h6 7. Nc3 c6 8. Bb3
g5 9. h3 Ngf6 10. Nh2 Nc5 11. Qxd8+ Bxd8 12. f3 Bb6 13. Kh1 Nxb3 14. axb3 Bd4
15. Ne2 O-O 16. Nxd4 exd4 17. Ng4 Nxg4 18. hxg4 Kg7 19. Bd2 Rh8 20. Rad1 h5 21.
Kg1 hxg4 22. fxg4 f6 23. Bb4 a5 24. Bc5 Bxg4 25. Rxd4 Rh4 26. Be7 Rah8 27. Bxf6+
Kg6 28. Bxh8 Rxh8 29. e5 Bf5 30. Rd6+ 1-0